| 000 | 00368 a2200121 4500 | ||
|---|---|---|---|
| 999 |
_c323209 _d323209 |
||
| 001 | 88136 | ||
| 003 | NUST | ||
| 082 | _a620.3 SET | ||
| 100 |
_aWilliam W.Seto , B.S _99769 |
||
| 245 |
_aSchaum's Outline of Theory and Problems of Mechanical Vibrations _cWilliam W.Seto , B.S _hEnglish |
||
| 260 |
_aSingapore _bSchaum's Outline Series _c1964 |
||
| 300 | _a199p | ||
| 942 |
_aCAE NUST _cBK _k620.3 SET _2ddc |
||